Guess the Brawler from Brawl Stars - Statistics

General Stats
  • This quiz has been taken 38 times
  • The average score is 9 of 15
Answer Stats
Hints Brawler % Correct
-This brawler was temporarilly removed from the game -This brawler is of a legendary rarity -His mastery title is "One of a kind" Spike
96%
-This brawler had 3 forms -This brawler was free -This brawler is the only one to be a temporary brawler, which means he later got removed from the game Buzz Lightyear
74%
-This brawler is known for their nerdy personality -This brawler's highest skin rarity is epic -This brawler's hypercharge burns enemies Carl
70%
-This brawler is of a rare rarity -His super goes over the walls -He is a very muscular man El Primo
67%
-This brawler has an aimable gadget -This brawler had it's own boxes, meaning he got his own unlock event -This brawler was the 99th brawler added to the game Glowbert
67%
-This brawler has a star power that increases their super's duration for 33% of it's time -This brawler belongs in the same trio as Hank -He got a skin in the "Angels vs Demons" update Otis
67%
-This brawler's gadget pulls enemy's toward himself -This brawler's voicelines is just mumbling - no real words -This brawler was in the first batch of Buffies, meaning he is one of six brawlers that got their buffie first Frank
63%
-This brawler has a healing ability (they don't have to be a support)
-This brawlers name starts with the letter "L"
-This brawler has a spawnable
Lola
63%
-This brawler has a poisoning mechanic -She has one of the ugliest skin in the game, "Axl [...] (brawler's name)" -She can throw her attacks over walls, although she isn't in the artilery class Willow
59%
-This brawler can go invisible -This brawler can go over water -This brawler has a pet named "Gris-Gris" Juju
52%
-This brawler had a brawl pass skin -This brawler came out in 2024 -This brawler has a symbol "&" in their name Larry & Lawrie
48%
-This brawler's hypercharge name is "The Grand Vortex" -This brawler has 6000 health at power level 11 (at the time of making this quiz) -If you would arrange brawlers in the alphabetical order, this brawler would be last Ziggy
48%
-This brawler is a marksman -Both their super and a gadget can slow enemies -This brawler has an unusual ammount of ammo (Not 3) Bea
44%
-This brawler has a super charging circle around them, meaning if an enemy brawler is in that circle's range, this brawler's super would start charging -This brawler's star power makes their attack deal extra damage after their super is used -This brawler can go into the shadow realm without a need of another brawler Lily
44%
-This brawler has a wallbreak in their kit -This brawler has 2 forms -This brawler is canonically blind Moe
41%
No matching quizzes found
Score Distribution
Percent of People with Each Score
Percentile by Number Answered
Your Score History
You have not taken this quiz